[Event "4th EFE Metz Festival-IM"]
[Site "Metz"]
[Date "2018.07.27"]
[Round "6"]
[White "Mohota, Nisha"]
[Black "Haast, Mark"]
[Result "1/2-1/2"]
[WhiteElo "2265"]
[BlackElo "2356"]
[Annotator "NA"]
[PlyCount "107"]
[EventDate "2018.07.22"]
[EventType "tourn"]
[EventCountry "FRA"]
[SourceTitle "playchess.com"]
[Source "ChessBase"]
[SourceQuality "1"]
[TimeControl "5400+30"]

1. e4 {[%emt 0:00:00]} c5 {[%emt 0:01:38]} 2. Nf3 {[%emt 0:00:00]} Nc6 {[%emt 0:00:11]} 3. Bb5 {[%emt 0:00:00]} g6 {[%emt 0:01:58]} 4. Bxc6 {[%emt 0:00:03]} dxc6 {[%emt 0:00:43]} 5. d3 {[%emt 0:00:21]} Bg7 {[%emt 0:00:15]} 6. h3 {[%emt 0:00:21]} Nf6 {[%emt 0:00:30]} 7. Nc3 {[%emt 0:00:24]} Nd7 {[%emt 0:00:19]} 8. Be3 {[%emt 0:00:55]} e5 {[%emt 0:00:23]} 9. Qd2 {[%emt 0:00:31]} h6 {[%emt 0:02:35] B31: Sicilian: 2...Nc6 3 Bb5 g6} (9... Qe7 10. Bh6 f6 11. Bxg7 Qxg7 12. Nh2 g5 13. Ng4 Nf8 14. Ne3 Ng6 15. a3 Be6 16. b4 Qe7 17. Na4 b6 18. g3 h5 {1-0 (48) Cheparinov,I (2703)-Kveinys,A (2542) Warsaw 2017}) 10. O-O {[%emt 0:01:54]} Qe7 {[%emt 0:00:22]} 11. Nh2 {[%emt 0:00:34]} Nf8 {[%emt 0:01:39]} 12. f4 {[%emt 0:00:18]} exf4 {[%emt 0:00:11]} 13. Bxf4 {[%emt 0:00:03]} Ne6 {[%emt 0:01:51]} 14. Bg3 {[%emt 0:00:31]} Nd4 {[%emt 0:00:27]} 15. e5 {[%emt 0:02:05]} Be6 $146 {[%emt 0:03:04]} ({Predecessor:} 15... Bf5 16. Rae1 O-O-O 17. Ne4 Bxe4 18. Rxe4 {1-0 (40) Blomqvist,E (2545)-Arab,A (2493) Baku 2016}) 16. Ne4 {[%emt 0:01:45]} O-O-O {[%emt 0:00:16]} 17. Nd6+ {[%emt 0:00:14]} Rxd6 {[%emt 0:00:56]} 18. exd6 {[%emt 0:00:12]} Qd7 {[%emt 0:00:12]} 19. Rae1 {[%emt 0:10:24]} b6 {[%emt 0:00:41] [#]} 20. Ng4 $1 {[%emt 0:09:26]} Bxg4 {[%emt 0:04:11]} (20... Re8 $142 21. Nf6 (21. Nxh6 Nxc2 22. Qxc2 Bxh6 $16) 21... Bxf6) 21. hxg4 {[%emt 0:10:22]} Ne6 {[%emt 0:07:23]} 22. c3 {[%emt 0:01:19]} h5 {[%emt 0:02:34]} 23. gxh5 {[%emt 0:05:05]} Rxh5 {[%emt 0:00:20]} 24. Qe2 {[%emt 0:00:19]} Rg5 {[%emt 0:09:45]} 25. Bh2 {[%emt 0:01:11]} Rd5 {[%emt 0:17:36]} 26. Rxf7 {[%emt 0:12:39]} (26. Qg4 $18 {and White stays clearly on top.}) 26... Qxf7 {[%emt 0:00:11]} 27. Qxe6+ {[%emt 0:00:05]} Qxe6 {[%emt 0:00:07]} 28. Rxe6 {[%emt 0:00:03]} Bh6 {[%emt 0:02:12]} 29. Rxg6 {[%emt 0:00:17]} Bc1 {[%emt 0:00:11]} 30. Rg8+ {[%emt 0:00:38]} Kd7 {[%emt 0:00:38]} 31. Rg7+ {[%emt 0:00:32]} Kd8 {[%emt 0:00:24]} 32. c4 {[%emt 0:13:13]} Rxd3 {[%emt 0:00:13]} 33. Be5 {[%emt 0:01:04]} ({Don't do} 33. Rxa7 $6 Bxb2 34. Bf4 Bf6 $16) 33... Be3+ {[%emt 0:01:15]} 34. Kf1 {[%emt 0:01:20]} Bd4 {[%emt 0:00:11]} 35. Bxd4 {[%emt 0:01:49]} Rxd4 {[%emt 0:00:12]} 36. b3 {[%emt 0:07:03]} b5 {[%emt 0:03:59] [#]} 37. cxb5 $1 {[%emt 0:08:22]} cxb5 {[%emt 0:00:05]} 38. Rxa7 {[%emt 0:00:06]} Rxd6 {[%emt 0:04:54] [#]} 39. Rb7 $1 {[%emt 0:00:23]} b4 {[%emt 0:00:18]} 40. Ra7 $11 {[%emt 0:07:05]} Rd2 {[%emt 0:03:21]} 41. g4 {[%emt 0:01:32]} Rd4 {[%emt 0:00:52]} 42. g5 {[%emt 0:01:21]} Rf4+ {[%emt 0:00:41]} 43. Ke2 {[%emt 0:01:34]} Rg4 {[%emt 0:00:20]} 44. Rg7 {[%emt 0:01:58]} Rg2+ {[%emt 0:00:38]} 45. Kf3 {[%emt 0:00:02]} Rxa2 {[%emt 0:00:09]} 46. g6 {[%emt 0:00:22]} Ke8 {[%emt 0:00:25]} 47. Rc7 {[%emt 0:01:26]} Kf8 {[%emt 0:00:12]} 48. Ke4 {[%emt 0:01:37]} Rb2 {[%emt 0:00:35]} 49. Rxc5 {[%emt 0:00:56]} Rxb3 {[%emt 0:00:13]} 50. Rb5 {[%emt 0:00:31]} Kg7 {[%emt 0:00:08]} 51. Kd4 {[%emt 0:00:29]} Kxg6 {[%emt 0:00:06]} 52. Kc4 {[%emt 0:00:02]} Rb1 {[%emt 0:00:05]} 53. Rxb4 {[%emt 0:00:04]} Rxb4+ {[%emt 0:00:04]} 54. Kxb4 1/2-1/2

[Event "4th EFE Metz Festival-IM"]
[Site "Metz"]
[Date "2018.07.27"]
[Round "7"]
[White "Murdzia, Piotr"]
[Black "Stephan, Victor"]
[Result "1/2-1/2"]
[WhiteElo "2410"]
[BlackElo "2356"]
[Annotator "NA"]
[PlyCount "70"]
[EventDate "2018.07.22"]
[EventType "tourn"]
[EventCountry "FRA"]
[SourceTitle "playchess.com"]
[Source "ChessBase"]
[SourceQuality "1"]
[TimeControl "5400+30"]

1. d4 {[%emt 0:00:00]} d5 {[%emt 0:00:18]} 2. Bf4 {[%emt 0:00:03]} Nf6 {[%emt 0:00:31]} 3. e3 {[%emt 0:00:53]} e6 {[%emt 0:00:31]} 4. Nf3 {[%emt 0:00:43]} c5 {[%emt 0:00:33]} 5. c3 {[%emt 0:00:22]} Nc6 {[%emt 0:00:17]} 6. Nbd2 {[%emt 0:00:07]} Bd6 {[%emt 0:00:16]} 7. Bg3 {[%emt 0:00:06]} O-O {[%emt 0:00:23]} 8. Bb5 {[%emt 0:00:35]} Ne7 {[%emt 0:00:29]} 9. Bd3 {[%emt 0:01:38]} Qc7 {[%emt 0:02:43]} 10. Qe2 {[%emt 0:06:22]} Ng6 {[%emt 0:07:40]} 11. O-O {[%emt 0:12:02]} b6 {[%emt 0:06:15]} 12. Rac1 {[%emt 0:00:09]} Bb7 {[%emt 0:01:10]} 13. c4 {[%emt 0:08:52]} Bxg3 {[%emt 0:05:34]} 14. hxg3 {[%emt 0:00:23]} Qe7 {[%emt 0:06:15]} 15. e4 {[%emt 0:16:24]} dxe4 {[%emt 0:05:16]} 16. Nxe4 {[%emt 0:00:12]} cxd4 {[%emt 0:01:42]} 17. Nxd4 {[%emt 0:01:51]} Rfd8 {[%emt 0:02:09]} 18. Nf3 {[%emt 0:02:43]} Rac8 {[%emt 0:03:25]} 19. Rfd1 {[%emt 0:02:41]} Nxe4 {[%emt 0:02:53]} 20. Bxe4 {[%emt 0:00:04]} Bxe4 {[%emt 0:00:46]} 21. Qxe4 {[%emt 0:00:26]} h6 {[%emt 0:00:49]} 22. b3 {[%emt 0:11:12]} Qa3 {[%emt 0:07:22]} 23. Qb1 {[%emt 0:03:22]} Qc5 {[%emt 0:02:51]} 24. Rxd8+ {[%emt 0:06:44]} Rxd8 {[%emt 0:00:06]} 25. b4 {[%emt 0:00:08]} Qc6 {[%emt 0:03:59]} 26. c5 {[%emt 0:02:26]} bxc5 {[%emt 0:00:42]} 27. bxc5 {[%emt 0:01:01]} Rc8 {[%emt 0:02:50]} 28. Qb4 {[%emt 0:02:27]} Qd5 {[%emt 0:02:38]} 29. c6 {[%emt 0:06:12]} Rxc6 {[%emt 0:01:33]} 30. Qb8+ {[%emt 0:00:27]} Kh7 {[%emt 0:01:32]} 31. Rxc6 {[%emt 0:00:06]} Qxc6 {[%emt 0:00:06]} 32. Qxa7 {[%emt 0:00:03]} Qd5 {[%emt 0:01:52]} 33. Qxf7 {[%emt 0:10:41]} Qxa2 {[%emt 0:00:24]} 34. Kh2 {[%emt 0:00:14]} Qd5 {[%emt 0:00:55]} 35. Kg1 {[%emt 0:00:06]} Qd8 1/2-1/2

[Event "4th EFE Metz Festival-IM"]
[Site "Metz"]
[Date "2018.07.27"]
[Round "7"]
[White "Gatineau, Yovann"]
[Black "Mohota, Nisha"]
[Result "1/2-1/2"]
[WhiteElo "2373"]
[BlackElo "2265"]
[Annotator "NA"]
[PlyCount "109"]
[EventDate "2018.07.22"]
[EventType "tourn"]
[EventCountry "FRA"]
[SourceTitle "playchess.com"]
[Source "ChessBase"]
[SourceQuality "1"]
[TimeControl "5400+30"]

1. d4 {[%emt 0:07:24]} Nf6 {[%emt 0:00:20]} 2. Nf3 {[%emt 0:00:16]} d5 {[%emt 0:00:18]} 3. c4 {[%emt 0:00:11]} e6 {[%emt 0:00:05]} 4. Nc3 {[%emt 0:00:14]} Bb4 {[%emt 0:00:13]} 5. cxd5 {[%emt 0:00:13]} exd5 {[%emt 0:00:04]} 6. Bg5 {[%emt 0:00:10]} O-O {[%emt 0:00:44]} 7. Rc1 {[%emt 0:00:54]} h6 {[%emt 0:00:23]} 8. Bxf6 {[%emt 0:00:51]} Qxf6 {[%emt 0:00:16]} 9. e3 {[%emt 0:00:07]} c6 {[%emt 0:03:44]} 10. Bd3 {[%emt 0:01:44]} Bg4 {[%emt 0:08:43]} 11. h3 {[%emt 0:05:01]} Bxf3 {[%emt 0:01:42]} 12. Qxf3 {[%emt 0:00:05]} Qxf3 {[%emt 0:03:21]} 13. gxf3 {[%emt 0:00:06]} Nd7 {[%emt 0:00:12]} 14. Ke2 {[%emt 0:00:42]} Rfe8 {[%emt 0:02:40]} 15. a3 {[%emt 0:04:08]} Bd6 {[%emt 0:00:49]} 16. Kd2 {[%emt 0:03:10]} g6 {[%emt 0:07:29]} 17. Rhg1 {[%emt 0:01:19]} Kh7 {[%emt 0:04:25]} 18. Rg2 {[%emt 0:02:39]} Nf6 {[%emt 0:08:31]} 19. Na4 {[%emt 0:01:30]} Re7 {[%emt 0:06:46]} 20. Rgg1 {[%emt 0:07:26]} Rae8 {[%emt 0:06:30]} 21. Rc2 {[%emt 0:01:09]} Nh5 {[%emt 0:03:05]} 22. Nc5 {[%emt 0:02:29]} f5 {[%emt 0:04:25]} 23. b4 {[%emt 0:01:23]} Nf6 {[%emt 0:00:45]} 24. a4 {[%emt 0:15:17]} Rc7 {[%emt 0:05:09]} 25. Re1 {[%emt 0:06:34]} Nd7 {[%emt 0:09:27]} 26. e4 {[%emt 0:07:48]} Bf4+ {[%emt 0:07:49]} 27. Kc3 {[%emt 0:00:44]} Nxc5 {[%emt 0:03:29]} 28. bxc5 {[%emt 0:00:15]} b6 {[%emt 0:00:25]} 29. cxb6 {[%emt 0:02:54]} axb6 {[%emt 0:00:02]} 30. Rce2 {[%emt 0:00:21]} fxe4 {[%emt 0:04:52]} 31. fxe4 {[%emt 0:00:06]} Kg7 {[%emt 0:03:20]} 32. Rb1 {[%emt 0:08:31]} b5 {[%emt 0:02:56]} 33. a5 {[%emt 0:01:00]} Ra8 {[%emt 0:01:05]} 34. Ra1 {[%emt 0:05:55]} Rca7 {[%emt 0:00:13]} 35. exd5 {[%emt 0:00:33]} cxd5 {[%emt 0:00:04]} 36. Kb4 {[%emt 0:01:05]} Bd6+ {[%emt 0:01:50]} 37. Kxb5 {[%emt 0:00:05]} Rc7 {[%emt 0:00:06]} 38. Ka4 {[%emt 0:05:57]} Rc3 {[%emt 0:01:13]} 39. Bb5 {[%emt 0:02:06]} Kf6 {[%emt 0:00:34]} 40. Raa2 {[%emt 0:02:49]} g5 {[%emt 0:00:56]} 41. Rec2 {[%emt 0:01:51]} Rac8 {[%emt 0:00:09]} 42. Rxc3 {[%emt 0:00:31]} Rxc3 {[%emt 0:00:03]} 43. a6 {[%emt 0:00:12]} Bb8 {[%emt 0:00:06]} 44. Kb4 {[%emt 0:01:36]} Rc7 {[%emt 0:00:02]} 45. Ka5 {[%emt 0:02:35]} Ba7 {[%emt 0:00:09]} 46. Rd2 {[%emt 0:00:22]} Kf5 {[%emt 0:00:42]} 47. Bf1 {[%emt 0:00:19]} Kf4 {[%emt 0:01:31]} 48. Bg2 {[%emt 0:00:06]} Rc4 {[%emt 0:00:12]} 49. Rb2 {[%emt 0:01:02]} Bxd4 {[%emt 0:00:33]} 50. Rb7 {[%emt 0:00:43]} Rc2 {[%emt 0:01:36]} 51. Rf7+ {[%emt 0:00:28]} Ke5 {[%emt 0:00:04]} 52. Rd7 {[%emt 0:00:32]} Bxf2 {[%emt 0:00:40]} 53. Rxd5+ {[%emt 0:00:16]} Kf4 {[%emt 0:00:51]} 54. Bf1 {[%emt 0:00:36]} Rc5+ {[%emt 0:00:32]} 55. Rxc5 {[%emt 0:00:05] Ke5} 1/2-1/2

[Event "4th EFE Metz Festival-IM"]
[Site "Metz"]
[Date "2018.07.27"]
[Round "7"]
[White "Haast, Mark"]
[Black "Adrian, Claude"]
[Result "1-0"]
[WhiteElo "2356"]
[BlackElo "2267"]
[Annotator "NA"]
[PlyCount "93"]
[EventDate "2018.07.22"]
[EventType "tourn"]
[EventCountry "FRA"]
[SourceTitle "playchess.com"]
[Source "ChessBase"]
[SourceQuality "1"]
[TimeControl "5400+30"]

1. c4 {[%emt 0:00:00]} c5 {[%emt 0:00:14]} 2. g3 {[%emt 0:00:00]} Nf6 {[%emt 0:00:13]} 3. Bg2 {[%emt 0:00:00]} e6 {[%emt 0:00:04]} 4. Nf3 {[%emt 0:00:30]} d5 {[%emt 0:00:05]} 5. cxd5 {[%emt 0:00:26]} exd5 {[%emt 0:00:10]} 6. d4 {[%emt 0:00:29]} Nc6 {[%emt 0:00:07]} 7. O-O {[%emt 0:00:11]} Be7 {[%emt 0:00:05]} 8. Nc3 {[%emt 0:00:10]} O-O {[%emt 0:00:15]} 9. b3 {[%emt 0:01:21]} Re8 {[%emt 0:01:26]} 10. Bb2 {[%emt 0:01:27]} Bg4 {[%emt 0:00:29]} 11. dxc5 {[%emt 0:04:12]} Bxc5 {[%emt 0:00:36]} 12. h3 {[%emt 0:01:48]} Bh5 {[%emt 0:05:30]} 13. e3 {[%emt 0:01:25]} a6 {[%emt 0:11:57]} 14. Ne2 {[%emt 0:01:03]} Ne4 {[%emt 0:09:07]} 15. Nf4 {[%emt 0:03:32]} Bxf3 {[%emt 0:05:41]} 16. Qxf3 {[%emt 0:01:05]} d4 {[%emt 0:08:14]} 17. Rad1 {[%emt 0:01:02]} Ng5 {[%emt 0:02:19]} 18. Qe2 {[%emt 0:09:36]} Qa5 {[%emt 0:03:12]} 19. Bxc6 {[%emt 0:01:55]} bxc6 {[%emt 0:01:49]} 20. Bxd4 {[%emt 0:00:31]} Bd6 {[%emt 0:05:24]} 21. Nh5 {[%emt 0:08:28]} Qf5 {[%emt 0:03:36]} 22. Nxg7 {[%emt 0:09:33]} Qxh3 {[%emt 0:05:07]} 23. Qh5 {[%emt 0:02:57]} Qxh5 {[%emt 0:02:59]} 24. Nxh5 {[%emt 0:00:13]} Re6 {[%emt 0:00:32]} 25. Nf6+ {[%emt 0:01:38]} Kf8 {[%emt 0:00:47]} 26. Kg2 {[%emt 0:01:35]} Be7 {[%emt 0:01:47]} 27. Nd7+ {[%emt 0:02:01]} Ke8 {[%emt 0:00:34]} 28. Nb6 {[%emt 0:01:21]} Rb8 {[%emt 0:01:21]} 29. Nc4 {[%emt 0:00:16]} Bb4 {[%emt 0:01:02]} 30. Rh1 {[%emt 0:01:52]} Rd8 {[%emt 0:01:03]} 31. f4 {[%emt 0:00:59]} c5 {[%emt 0:00:21]} 32. Be5 {[%emt 0:05:49]} Rxd1 {[%emt 0:00:53]} 33. Rxd1 {[%emt 0:00:06]} Ne4 {[%emt 0:00:30]} 34. Kf3 {[%emt 0:01:32]} f5 {[%emt 0:00:31]} 35. g4 {[%emt 0:01:40]} Nc3 {[%emt 0:00:26]} 36. Bxc3 {[%emt 0:01:13]} fxg4+ {[%emt 0:00:18]} 37. Kxg4 {[%emt 0:00:05]} Bxc3 {[%emt 0:00:04]} 38. Rd5 {[%emt 0:01:56]} Rg6+ {[%emt 0:01:26]} 39. Kf3 {[%emt 0:00:05]} Rc6 {[%emt 0:00:28]} 40. e4 {[%emt 0:00:27]} a5 {[%emt 0:02:34]} 41. Rh5 {[%emt 0:00:33]} h6 {[%emt 0:00:09]} 42. e5 a4 {[%emt 0:00:40]} 43. f5 {[%emt 0:00:43]} axb3 {[%emt 0:00:12]} 44. axb3 {[%emt 0:00:02]} Bxe5 {[%emt 0:00:52]} 45. Nxe5 {[%emt 0:00:05]} Rb6 {[%emt 0:00:06]} 46. Ke4 {[%emt 0:00:12]} Rxb3 {[%emt 0:00:06]} 47. Rxh6 {[%emt 0:00:14]} 1-0

[Event "4th EFE Metz Festival-IM"]
[Site "Metz"]
[Date "2018.07.27"]
[Round "7"]
[White "Le Corre, Benjamin"]
[Black "Harutyunyan, Ruben"]
[Result "1/2-1/2"]
[WhiteElo "2257"]
[BlackElo "2303"]
[Annotator "NA"]
[PlyCount "73"]
[EventDate "2018.07.22"]
[EventType "tourn"]
[EventCountry "FRA"]
[SourceTitle "playchess.com"]
[Source "ChessBase"]
[SourceQuality "1"]
[TimeControl "5400+30"]

1. e4 {[%emt 0:00:00]} c5 {[%emt 0:00:11]} 2. Nf3 {[%emt 0:00:00]} d6 {[%emt 0:00:04]} 3. d4 {[%emt 0:00:00]} cxd4 {[%emt 0:00:04]} 4. Nxd4 {[%emt 0:00:00]} Nf6 {[%emt 0:00:03]} 5. Nc3 {[%emt 0:00:00]} Nc6 {[%emt 0:00:03]} 6. Bg5 {[%emt 0:03:14]} e6 {[%emt 0:00:10]} 7. Qd2 {[%emt 0:00:04]} a6 {[%emt 0:00:03]} 8. f4 {[%emt 0:03:32]} Bd7 {[%emt 0:00:09]} 9. O-O-O {[%emt 0:03:17]} b5 {[%emt 0:00:26]} 10. Nxc6 {[%emt 0:10:18]} Bxc6 {[%emt 0:00:06]} 11. Qe1 {[%emt 0:01:30]} Qa5 {[%emt 0:28:22]} 12. Kb1 {[%emt 0:09:56]} Ra7 {[%emt 0:30:50]} 13. Bd3 {[%emt 0:10:59]} b4 {[%emt 0:00:39]} 14. Bxf6 {[%emt 0:00:15]} gxf6 {[%emt 0:00:06]} 15. Ne2 {[%emt 0:00:06]} Qc5 {[%emt 0:01:42]} 16. Nc1 {[%emt 0:12:57]} Rg8 {[%emt 0:10:20]} 17. Nb3 {[%emt 0:01:20]} Qb6 {[%emt 0:01:07]} 18. g3 {[%emt 0:01:32]} a5 {[%emt 0:08:12]} 19. Qe2 {[%emt 0:00:56]} a4 {[%emt 0:00:14]} 20. Nd2 {[%emt 0:00:59]} a3 {[%emt 0:01:45]} 21. Nc4 {[%emt 0:00:29]} Qc5 {[%emt 0:01:31]} 22. b3 {[%emt 0:01:50]} f5 {[%emt 0:04:04]} 23. Rhe1 {[%emt 0:00:54]} fxe4 {[%emt 0:03:12]} 24. Bxe4 {[%emt 0:00:32]} d5 {[%emt 0:01:34]} 25. Bxh7 {[%emt 0:00:12]} Rg7 {[%emt 0:05:14]} 26. Qh5 {[%emt 0:03:50]} Rxh7 {[%emt 0:01:50]} 27. Rxe6+ {[%emt 0:01:03]} Kd8 {[%emt 0:01:05]} 28. Qg5+ {[%emt 0:05:18]} Kc8 {[%emt 0:00:08]} 29. Rxc6+ {[%emt 0:20:30]} Qxc6 {[%emt 0:00:02]} 30. Qg8 {[%emt 0:00:07]} dxc4 {[%emt 0:01:30]} 31. Qxf8+ {[%emt 0:00:06]} Kb7 {[%emt 0:00:35]} 32. Qxb4+ {[%emt 0:00:06]} Kc7 {[%emt 0:00:21]} 33. Qe7+ {[%emt 0:01:13]} Kb6 {[%emt 0:00:07]} 34. Qb4+ {[%emt 0:05:44]} Kc7 {[%emt 0:00:04]} 35. Qe7+ {[%emt 0:00:38]} Kb6 {[%emt 0:00:04]} 36. Qb4+ {[%emt 0:03:50]} Kc7 {[%emt 0:00:04]} 37. Qe7+ {[%emt 0:00:21]} 1/2-1/2

[Event "4th EFE Metz Festival-IM"]
[Site "Metz"]
[Date "2018.07.28"]
[Round "8"]
[White "Mohammad, Fahim"]
[Black "Murdzia, Piotr"]
[Result "0-1"]
[WhiteElo "2383"]
[BlackElo "2410"]
[Annotator "NA"]
[PlyCount "86"]
[EventDate "2018.07.22"]
[EventType "tourn"]
[EventCountry "FRA"]
[SourceTitle "playchess.com"]
[Source "ChessBase"]
[SourceQuality "1"]
[TimeControl "5400+30"]

1. d4 {[%emt 0:05:17]} Nf6 {[%emt 0:00:29]} 2. Nf3 {[%emt 0:00:10]} e6 {[%emt 0:00:54]} 3. c4 {[%emt 0:00:14]} b6 {[%emt 0:01:15]} 4. g3 {[%emt 0:00:35]} Ba6 {[%emt 0:00:48]} 5. Qc2 {[%emt 0:01:38]} Bb4+ {[%emt 0:01:28]} 6. Bd2 {[%emt 0:03:02]} c5 {[%emt 0:01:19]} 7. Bxb4 {[%emt 0:04:26]} cxb4 {[%emt 0:00:04]} 8. Bg2 {[%emt 0:00:28]} Bb7 {[%emt 0:01:21]} 9. Nbd2 {[%emt 0:01:25]} Nc6 10. e4 {[%emt 0:04:27]} O-O {[%emt 0:11:29]} 11. O-O {[%emt 0:08:26]} d6 {[%emt 0:03:32]} 12. d5 {[%emt 0:07:04]} Ne5 {[%emt 0:05:16]} 13. Nxe5 {[%emt 0:05:41]} dxe5 {[%emt 0:00:06]} 14. a3 {[%emt 0:01:21]} bxa3 {[%emt 0:12:30]} 15. Rxa3 {[%emt 0:00:52]} Qc7 {[%emt 0:02:01]} 16. Rc3 {[%emt 0:03:51]} a5 {[%emt 0:09:36]} 17. Kh1 {[%emt 0:18:16]} Nd7 {[%emt 0:28:50]} 18. f4 {[%emt 0:07:13]} exf4 {[%emt 0:00:53]} 19. gxf4 {[%emt 0:00:31]} Rae8 {[%emt 0:00:04]} 20. e5 {[%emt 0:04:08]} f5 {[%emt 0:02:54]} 21. Nf3 {[%emt 0:05:55]} Nc5 {[%emt 0:00:39]} 22. Nd4 {[%emt 0:02:22]} Qd7 {[%emt 0:01:51]} 23. d6 {[%emt 0:07:01]} Be4 {[%emt 0:00:28]} 24. Bxe4 {[%emt 0:01:17]} fxe4 {[%emt 0:00:09]} 25. Nb3 {[%emt 0:01:14]} Nd3 {[%emt 0:01:06]} 26. Rxd3 {[%emt 0:00:21]} exd3 {[%emt 0:00:05]} 27. Qxd3 {[%emt 0:00:06]} g5 {[%emt 0:00:39]} 28. fxg5 {[%emt 0:02:27]} Rxf1+ {[%emt 0:00:23]} 29. Qxf1 {[%emt 0:00:03]} Rf8 {[%emt 0:00:08]} 30. Qg2 {[%emt 0:01:44]} Qa4 {[%emt 0:00:39]} 31. Qh3 {[%emt 0:01:18]} Rf5 {[%emt 0:01:36]} 32. g6 {[%emt 0:01:08]} h5 {[%emt 0:01:32]} 33. Qd3 {[%emt 0:01:30]} Qc6+ {[%emt 0:05:50]} 34. Kg1 {[%emt 0:00:01]} Rg5+ {[%emt 0:00:29]} 35. Kf2 {[%emt 0:00:39]} Qg2+ {[%emt 0:04:21]} 36. Ke1 {[%emt 0:00:45]} Qxb2 {[%emt 0:02:17]} 37. Qd2 {[%emt 0:00:57]} Rxe5+ {[%emt 0:00:53]} 38. Kf2 {[%emt 0:00:28]} Rf5+ {[%emt 0:00:43]} 39. Kg2 {[%emt 0:00:15]} Qxb3 {[%emt 0:00:15]} 40. Qe2 {[%emt 0:00:33]} Rg5+ {[%emt 0:00:40]} 41. Kf2 {[%emt 0:00:17]} Qh3 {[%emt 0:00:40]} 42. Ke1 {[%emt 0:00:59]} Rg1+ {[%emt 0:00:20]} 43. Kd2 {[%emt 0:00:08]} Rg2 {[%emt 0:00:06]} 0-1

[Event "4th EFE Metz Festival-IM"]
[Site "Metz"]
[Date "2018.07.28"]
[Round "8"]
[White "Haast, Mark"]
[Black "Gatineau, Yovann"]
[Result "1-0"]
[WhiteElo "2356"]
[BlackElo "2373"]
[Annotator "NA"]
[PlyCount "105"]
[EventDate "2018.07.22"]
[EventType "tourn"]
[EventCountry "FRA"]
[SourceTitle "playchess.com"]
[Source "ChessBase"]
[SourceQuality "1"]
[TimeControl "5400+30"]

1. e4 {[%emt 0:00:00]} c5 {[%emt 0:06:45]} 2. c3 {[%emt 0:00:07]} d5 {[%emt 0:00:15]} 3. exd5 {[%emt 0:00:12]} Qxd5 {[%emt 0:00:06]} 4. d4 {[%emt 0:00:11]} Nc6 {[%emt 0:00:10]} 5. Nf3 {[%emt 0:00:10]} Bf5 {[%emt 0:00:07]} 6. Be3 {[%emt 0:00:19]} Nf6 {[%emt 0:00:08]} 7. Na3 {[%emt 0:00:40]} cxd4 {[%emt 0:01:43]} 8. Bc4 {[%emt 0:00:29]} Qd7 {[%emt 0:02:53]} 9. Nxd4 {[%emt 0:01:15]} Nxd4 {[%emt 0:02:13]} 10. Bxd4 {[%emt 0:01:30]} a6 {[%emt 0:00:08]} 11. Qb3 {[%emt 0:02:48]} e6 {[%emt 0:02:21]} 12. O-O-O {[%emt 0:01:18]} Qc6 {[%emt 0:00:52]} 13. Nb5 {[%emt 0:12:25]} Nd7 {[%emt 0:07:19]} 14. Rhe1 Nc5 {[%emt 0:07:36]} 15. Bxc5 {[%emt 0:01:20]} Bxc5 {[%emt 0:00:05]} 16. Nd4 {[%emt 0:18:09]} Bxd4 {[%emt 0:00:06]} 17. Bd5 {[%emt 0:01:21]} Qb6 {[%emt 0:13:40]} 18. Rxd4 {[%emt 0:14:25]} Qxb3 {[%emt 0:00:11]} 19. Bxb3 {[%emt 0:00:07]} Rd8 {[%emt 0:04:41]} 20. Rb4 {[%emt 0:01:13]} Rd7 {[%emt 0:02:02]} 21. Rd1 {[%emt 0:01:02]} b5 {[%emt 0:06:05]} 22. a4 {[%emt 0:02:14]} Bd3 {[%emt 0:01:57]} 23. axb5 {[%emt 0:03:48]} axb5 {[%emt 0:02:31]} 24. Bc2 {[%emt 0:05:36]} Bxc2 {[%emt 0:01:01]} 25. Kxc2 {[%emt 0:00:05]} Rb7 {[%emt 0:00:03]} 26. c4 {[%emt 0:00:20]} Ke7 {[%emt 0:01:25]} 27. Rxb5 {[%emt 0:00:41]} Rxb5 {[%emt 0:01:31]} 28. cxb5 {[%emt 0:00:06]} Rb8 {[%emt 0:00:03]} 29. Kc3 {[%emt 0:00:43]} Rxb5 {[%emt 0:00:06]} 30. b4 {[%emt 0:00:05]} Rb8 {[%emt 0:03:48]} 31. Kc4 {[%emt 0:01:33]} Rc8+ {[%emt 0:00:09]} 32. Kb3 {[%emt 0:00:05]} Rb8 {[%emt 0:00:12]} 33. f4 {[%emt 0:02:21]} f6 {[%emt 0:01:10]} 34. g3 {[%emt 0:03:29]} g6 {[%emt 0:00:49]} 35. Ra1 {[%emt 0:01:03]} Rb7 {[%emt 0:07:11]} 36. Kc4 {[%emt 0:00:43]} e5 {[%emt 0:00:03]} 37. fxe5 {[%emt 0:00:29]} fxe5 {[%emt 0:00:06]} 38. b5 {[%emt 0:00:48]} Ke6 {[%emt 0:02:34]} 39. Ra6+ {[%emt 0:02:10]} Kf5 {[%emt 0:00:14]} 40. b6 {[%emt 0:00:12]} e4 {[%emt 0:00:58]} 41. h3 {[%emt 0:00:54]} e3 {[%emt 0:05:41]} 42. Kd3 {[%emt 0:00:34]} Re7 {[%emt 0:00:03]} 43. Ra5+ {[%emt 0:02:35]} Kf6 {[%emt 0:00:13]} 44. Ke2 {[%emt 0:00:23]} Rb7 {[%emt 0:03:17]} 45. Rb5 {[%emt 0:00:06]} Ke6 {[%emt 0:00:03]} 46. Kxe3 {[%emt 0:00:04]} Kd6 {[%emt 0:00:03]} 47. Kd4 {[%emt 0:03:10]} Kc6 {[%emt 0:00:14]} 48. Kc4 {[%emt 0:00:15]} Kd6 {[%emt 0:01:07]} 49. Rb2 {[%emt 0:00:27]} Kd7 {[%emt 0:01:21]} 50. Kc5 {[%emt 0:01:22]} Kc8 {[%emt 0:00:15]} 51. Ra2 {[%emt 0:00:36]} g5 {[%emt 0:04:46]} 52. Ra8+ {[%emt 0:00:15]} Kd7 {[%emt 0:00:15]} 53. Ra7 {[%emt 0:00:06]} 1-0